Statistics for Benin Fact Quiz

Click here to take the quiz!

General Stats

  • This quiz has been taken 10 times
  • The average score is 13 of 21

Answer Stats

HintAnswer% Correct
ContinentAfrica
100%
Official languageFrench
100%
Bordering countryNiger
100%
Bordering countryNigeria
100%
Longest riverNiger River
100%
Bordering countryTogo
100%
BightBight of Benin
86%
Bordering countryBurkina Faso
86%
GulfGulf of Guinea
86%
Biggest cityCotonou
71%
Biggest exportCotton
71%
Capital cityPorto-Novo
71%
CurrencyWest African CFA Franc
71%
DenonymBeninese
57%
Official languageYoruba
29%
Biggest departmentAlibori
14%
Most populated departmentAtlantique
14%
Official languageFon
14%
Largest lakeLake Nokoué
14%
Highest peakMont Sokbaro
14%
PresidentPatrice Talon
14%

Score Distribution

Percentile by Number Answered

Percent of People with Each Score

Your Score History

You have not taken this quiz